000 01314cam a22004334a 4500
999 _c3558
_d3558
001 ocn644022972
003 OCoLC
005 20171002161211.0
008 100331s2010 fr b 001 0 fre
010 _a 2010412731
020 _a9782130517351
020 _a2130517358
035 _a(OCoLC)644022972
040 _aDLC
_beng
_cDLC
_dYLS
_dCDX
_dTULIB
_dOCLCF
_dOCLCO
_dOCLCQ
042 _apcc
043 _ae-fr---
049 _aTZAA
050 0 0 _aKJV3865
_b.C33
100 1 _aCadiet, Loïc.
245 1 0 _aThéorie générale du procés /
_cLoïc Cadiet, Jacques Normand, Soraya Amrani Mekki.
250 _a1re. éd.
260 _aParis :
_bPresses universitaires de France,
_c2010.
300 _axvi, 993 pages ;
_c22 cm.
490 1 _aThémis. Droit privé
504 _aIncludes bibliographical references and index.
650 0 _aProcedure (Law)
_zFrance.
650 7 _aProcedure (Law)
_2fast
650 7 _aProcédure (droit)
_zFrance
650 7 _aJustice
_xAdministration
650 7 _aJugement (Procédure)
650 7 _aPhilosophie du droit
650 7 _aProcédure judiciare
650 7 _aRèglement de litige
651 7 _aFrance.
_2fast
700 1 _aNormand, Jacques,
_d1934-
700 1 _aAmrani-Mekki, Soraya.
830 0 _aThémis.
_pDroit privé.
942 _2lcc
_cBOOK